[Event "IND-ch (Women) 48th"]
[Site "Hatkanangale"]
[Date "2023.01.05"]
[Round "11"]
[White "Keshavi"]
[Black "Amrita, Gupta"]
[Result "1-0"]
[WhiteElo "1126"]
[BlackElo "1048"]
[PlyCount "75"]
[EventDate "2022.12.26"]
[EventType "swiss"]
[EventRounds "11"]
[EventCountry "IND"]
[SourceTitle "CBM 212 Extra"]
[Source "ChessBase"]
[SourceDate "2023.03.31"]
[SourceVersion "1"]
[SourceVersionDate "2023.03.31"]
[SourceQuality "1"]

1. e4 e5 2. Nf3 Nc6 3. Bc4 Bc5 4. 0-0 d6 5. c3 Bg4 6. b4 Bb6 7. a4 a6 8. h3 Bh5 9. d3 h6 10. a5 Ba7 11. Nbd2 Nf6 12. Bb2 0-0 13. Qb3 Nh7 14. Bd5 Kh8 15. Qc4 Qd7 16. Bxc6 bxc6 17. d4 f6 18. Nh4 Bf7 19. Qe2 Be6 20. Ng6+ Kg8 21. Nxf8 Rxf8 22. Qxa6 Bb8 23. Qd3 exd4 24. Qxd4 f5 25. a6 c5 26. bxc5 Ba7 27. Ba3 Ng5 28. Rfb1 Qc6 29. Rb7 Qxa6 30. Rxc7 Nf7 31. Bb2 Ba2 32. Nb3 dxc5 33. Nxc5 Qa5 34. c4 Ne5 35. Rxg7+ Kxg7 36. Qxe5+ Rf6 37. Qxf6+ Kg8 38. Qg7# 1-0

[Event "IND-ch (Women) 48th"]
[Site "Hatkanangale"]
[Date "2022.12.29"]
[Round "4"]
[White "Shirke, Mahima"]
[Black "Amrita, Gupta"]
[Result "1-0"]
[WhiteElo "1174"]
[BlackElo "1048"]
[PlyCount "126"]
[EventDate "2022.12.26"]
[EventType "swiss"]
[EventRounds "11"]
[EventCountry "IND"]
[SourceTitle "CBM 212 Extra"]
[Source "ChessBase"]
[SourceDate "2023.03.31"]
[SourceVersion "1"]
[SourceVersionDate "2023.03.31"]
[SourceQuality "1"]

1. e4 e5 2. Nf3 Nc6 3. Bc4 Bc5 4. c3 d6 5. d3 Bg4 6. h3 Bh5 7. Nbd2 Nge7 8. Nf1 h6 9. Ng3 Bg6 10. a4 a6 11. 0-0 0-0 12. Nh4 Kh8 13. Qf3 Ng8 14. Nhf5 Qf6 15. b4 Ba7 16. Be3 Bxf5 17. Nxf5 Nce7 18. b5 axb5 19. axb5 Bxe3 20. fxe3 Nxf5 21. exf5 Ne7 22. Rxa8 Rxa8 23. Qxb7 Rc8 24. e4 Kg8 25. Ra1 Qg5 26. Qa7 h5 27. Qf2 Rb8 28. Qa2 Qe3+ 29. Kh1 Rf8 30. Rf1 h4 31. f6 Ng6 32. fxg7 Kxg7 33. Qf2 Qxf2 34. Rxf2 Nf4 35. Ra2 Kg6 36. Ra7 Rc8 37. Ra6 Ne2 38. Rc6 Ra8 39. Ra6 Rc8 40. Ra3 Rb8 41. Kh2 f6 42. d4 Ng3 43. dxe5 fxe5 44. Bd3 Rb6 45. Ra6 Rb7 46. c4 Kg5 47. Kg1 Kf4 48. Kf2 Nxe4+ 49. Bxe4 Kxe4 50. Rc6 Kf4 51. Ra6 e4 52. Ra8 Ke5 53. Ke3 d5 54. Re8+ Kf5 55. Kd4 dxc4 56. Re5+ Kf4 57. Rxe4+ Kg3 58. Rg4+ Kf2 59. Kxc4 Rb6 60. Kc5 Rf6 61. Rg7 Rh6 62. Rg4 Kf1 63. g3 hxg3 1-0